000 00268nam a22001097a 4500
082 _a428.24HUT
100 _aHutchinson, Tom
245 _aInterface: english for technical communication : students
260 _aLondon
_bLongman
_c1984
300 _a128p
942 _cBK
999 _c14948
_d14948